| 000 | 01234nam a22002657a 4500 | ||
|---|---|---|---|
| 005 | 20170407145455.0 | ||
| 008 | 140714b xxu||||| |||| 00| 0 Urdu d | ||
| 010 | _a B-665858 | ||
| 020 |
_a9789350731383 _c200.00 |
||
| 035 | _a B-665858 | ||
| 037 | _bBPPD/Pub/Ven | ||
| 037 | _bPansy Books(Vend.)/Edu. pub. House(Pub.) | ||
| 040 |
_aDPL _bUrdu |
||
| 082 | _a840.8 | ||
| 100 | _aڈ ا کٹر منا ضر عا شق ہر گا نو ی | ||
| 245 |
_aا بن صفی کے ١٠١ ا د ا ر ے؛ جا یز ے _cڈ ا کٹر منا ضر عا شق ہر گا نو ی |
||
| 246 |
_aIbne Safi ke 101Edariye ; Jaeza _bby Manazir Ashiq Harganvi |
||
| 260 |
_aد ھلی _bا يجو کيشنل پبليشنگ ہا ؤس _c2013 |
||
| 260 | _bPansy Books(Vender) | ||
| 270 |
_a3108،و کيل اسٹر يٹ ،کو چہ پنڈ ت ،لال کنو ا ن _bد ھلی _e110006 _k23216162،23214465 |
||
| 270 |
_aR2,/66/A Somesh Vihar,Chhawala _bNew Delhi _e110071 _k01125317355 |
||
| 300 |
_a179ص _c22Cm (Hb) |
||
| 942 |
_2ddc _cUR _e _h840.8 _mا ب ن |
||
| 999 |
_c138705 _d138705 |
||